[Event "HUN-chT2 Toth 0405"]
[Site "Hungary"]
[Date "2005.03.06"]
[Round "9"]
[White "Radics, Laszlo"]
[Black "Telbis, Gheorghe"]
[Result "0-1"]
[WhiteElo "2144"]
[BlackElo "2107"]
[PlyCount "90"]
[EventDate "2004.09.26"]
[EventType "team"]
[EventRounds "11"]
[EventCountry "HUN"]
[SourceTitle "EXT 2009"]
[Source "ChessBase"]
[SourceDate "2008.11.26"]
[SourceVersion "1"]
[SourceVersionDate "2008.11.26"]
[SourceQuality "1"]
[WhiteTeam "GYDSE"]
[BlackTeam "Battonya"]
[WhiteTeamCountry "HUN"]
[BlackTeamCountry "HUN"]

1. d4 d5 2. c4 Bf5 3. Nc3 e6 4. a3 Nf6 5. Bg5 Be7 6. e3 Nbd7 7. b4 0-0 8. Nf3 h6 9. Bf4 dxc4 10. Bxc4 Nb6 11. Bb3 Nbd5 12. Nxd5 Nxd5 13. Bxd5 exd5 14. Qb3 a6 15. 0-0 Rc8 16. Rac1 c6 17. h3 Qd7 18. Ne5 Qe6 19. g4 Bh7 20. Kg2 g5 21. Bg3 f6 22. Nf3 Be4 23. Qd1 f5 24. Kg1 fxg4 25. Ne5 gxh3 26. Qh5 Bg2 27. Rfe1 Kg7 28. f4 Qf5 29. Ng4 Qg6 30. Qxg6+ Kxg6 31. Kh2 Rh8 32. Nf2 Kf5 33. Nxh3 Bxh3 34. Kxh3 g4+ 35. Kg2 h5 36. Re2 h4 37. Bh2 Rcg8 38. e4+ dxe4 39. Rce1 h3+ 40. Kh1 Bh4 41. Rc1 g3 42. Rc5+ Kxf4 43. Re5 gxh2 44. R2xe4+ Kf3 45. Re3+ Kf2 0-1

[Event "HUN-chT2 Toth 0304"]
[Site "Hungary"]
[Date "2004.04.18"]
[Round "11"]
[White "Revesz, Bela"]
[Black "Telbis, Gheorghe"]
[Result "1-0"]
[WhiteElo "2060"]
[BlackElo "2196"]
[PlyCount "41"]
[EventDate "2003.09.28"]
[EventType "team"]
[EventRounds "11"]
[EventCountry "HUN"]
[SourceTitle "EXT 2009"]
[Source "ChessBase"]
[SourceDate "2008.11.26"]
[SourceVersion "1"]
[SourceVersionDate "2008.11.26"]
[SourceQuality "1"]
[WhiteTeam "Szarvas"]
[BlackTeam "Battonya"]
[WhiteTeamCountry "HUN"]
[BlackTeamCountry "HUN"]

1. e4 c5 2. Nf3 d6 3. d4 cxd4 4. Qxd4 Nc6 5. Bb5 Bd7 6. Bxc6 Bxc6 7. Nc3 e6 8. Bg5 Nf6 9. 0-0-0 Be7 10. Rhe1 0-0 11. e5 dxe5 12. Qh4 Qc7 13. Nxe5 b5 14. Ng4 b4 15. Nxf6+ gxf6 16. Bxf6 Bxf6 17. Qxf6 bxc3 18. Rd4 cxb2+ 19. Kb1 Rfc8 20. Rg4+ Kf8 21. Rxe6 1-0

[Event "HUN-chT2 Toth 0304"]
[Site "Hungary"]
[Date "2004.02.08"]
[Round "7"]
[White "Borsos, Andor"]
[Black "Telbis, Gheorghe"]
[Result "1-0"]
[WhiteElo "2183"]
[BlackElo "2196"]
[PlyCount "53"]
[EventDate "2003.09.28"]
[EventType "team"]
[EventRounds "11"]
[EventCountry "HUN"]
[SourceTitle "EXT 2009"]
[Source "ChessBase"]
[SourceDate "2008.11.26"]
[SourceVersion "1"]
[SourceVersionDate "2008.11.26"]
[SourceQuality "1"]
[WhiteTeam "Kiskunhalas"]
[BlackTeam "Battonya"]
[WhiteTeamCountry "HUN"]
[BlackTeamCountry "HUN"]

1. e4 c5 2. Nf3 d6 3. d4 cxd4 4. Nxd4 Nf6 5. Nc3 e6 6. g3 Be7 7. Bg2 0-0 8. 0-0 a6 9. Be3 Qc7 10. f4 Nbd7 11. Qe2 Rb8 12. g4 b5 13. g5 Ne8 14. Qg4 b4 15. Nce2 Nc5 16. Ng3 e5 17. Ndf5 exf4 18. Qxf4 Bd8 19. Qf2 Be6 20. e5 Nb7 21. Nd4 Bc4 22. e6 Bxf1 23. Rxf1 f6 24. Ndf5 Na5 25. Bd4 Kh8 26. g6 hxg6 27. e7 1-0

[Event "HUN-chT2 Toth 0304"]
[Site "Hungary"]
[Date "2003.09.28"]
[Round "1"]
[White "Telbis, Gheorghe"]
[Black "Nagy, Daniel"]
[Result "0-1"]
[WhiteElo "2196"]
[BlackElo "2103"]
[PlyCount "56"]
[EventDate "2003.09.28"]
[EventType "team"]
[EventRounds "11"]
[EventCountry "HUN"]
[SourceTitle "EXT 2009"]
[Source "ChessBase"]
[SourceDate "2008.11.26"]
[SourceVersion "1"]
[SourceVersionDate "2008.11.26"]
[SourceQuality "1"]
[WhiteTeam "Battonya"]
[BlackTeam "Mako II"]
[WhiteTeamCountry "HUN"]
[BlackTeamCountry "HUN"]

1. d4 d5 2. Nf3 e6 3. g3 c6 4. Bg2 Nf6 5. 0-0 Be7 6. c4 Nbd7 7. Nbd2 0-0 8. Qc2 b6 9. a3 Bb7 10. b4 a5 11. bxa5 Rxa5 12. Bb2 Qa8 13. Qb3 c5 14. Ne5 cxd4 15. Nxd7 Nxd7 16. Bxd4 dxc4 17. Bxb7 cxb3 18. Bxa8 Rfxa8 19. Nc4 Ra4 20. Nxb6 Nxb6 21. Bxb6 b2 22. Rab1 Bxa3 23. Rfd1 Rc4 24. Be3 Rac8 25. Kg2 Rc1 26. Kf3 g6 27. Bh6 Rxb1 28. Rxb1 Rc1 0-1

[Event "Budapest Spring op 19th"]
[Site "Budapest"]
[Date "2003.03.20"]
[Round "7"]
[White "Habibi, Ali"]
[Black "Telbis, Gheorghe"]
[Result "1-0"]
[WhiteElo "2276"]
[BlackElo "2216"]
[PlyCount "107"]
[EventDate "2003.03.14"]
[EventType "swiss"]
[EventRounds "9"]
[EventCountry "HUN"]
[SourceTitle "CBM 093 Extra"]
[Source "ChessBase"]
[SourceDate "2003.05.09"]
[SourceVersion "1"]
[SourceVersionDate "2003.05.09"]
[SourceQuality "1"]

1. c4 e6 2. Nf3 d5 3. e3 Nf6 4. b3 Be7 5. Bb2 0-0 6. d3 b6 7. a3 Bb7 8. Nbd2 Nbd7 9. Qc2 c5 10. Be2 Rc8 11. 0-0 Qc7 12. Rac1 Qb8 13. Qb1 Rfd8 14. Rfd1 a6 15. Qa1 Bd6 16. Nf1 e5 17. cxd5 Bxd5 18. N3d2 b5 19. e4 Be6 20. Ne3 Ne8 21. Nf3 Bxb3 22. Rd2 f6 23. Nh4 Bf7 24. g3 Nc7 25. Bg4 Be6 26. Bd1 Bf8 27. f4 exf4 28. gxf4 Ne8 29. e5 fxe5 30. fxe5 Be7 31. Nf3 Nf8 32. Be2 Ng6 33. Ng2 Bd5 34. Rf1 Nc7 35. Bd1 Ne6 36. Ne3 Bxf3 37. Bxf3 Bg5 38. Re1 Nd4 39. Be4 Nxe5 40. Rg2 Nef3+ 41. Kh1 Nxe1 42. Qxe1 Qf4 43. Nd5 Qh4 44. Qg1 h6 45. Rg4 Ne2 46. Ne7+ Kh8 47. Bxg7+ Kxg7 48. Qa1+ Nd4 49. Nf5+ Kh8 50. Nxh4 Kg7 51. Nf3 Kf6 52. h4 Be3 53. Qe1 Nxf3 54. Qxe3 1-0

[Event "Budapest Spring op 19th"]
[Site "Budapest"]
[Date "2003.03.18"]
[Round "5"]
[White "Kelly, Ladislau Endre"]
[Black "Telbis, Gheorghe"]
[Result "0-1"]
[WhiteElo "2174"]
[BlackElo "2216"]
[PlyCount "84"]
[EventDate "2003.03.14"]
[EventType "swiss"]
[EventRounds "9"]
[EventCountry "HUN"]
[SourceTitle "CBM 093 Extra"]
[Source "ChessBase"]
[SourceDate "2003.05.09"]
[SourceVersion "1"]
[SourceVersionDate "2003.05.09"]
[SourceQuality "1"]

1. c4 e6 2. g3 d5 3. Bg2 Nf6 4. b3 dxc4 5. bxc4 Qd4 6. Nc3 Qxc4 7. Nf3 Be7 8. 0-0 Nbd7 9. Bb2 0-0 10. d3 Qa6 11. Qc2 c5 12. a4 Nd5 13. Nb5 Qb6 14. Rfb1 a6 15. Na3 Qc7 16. Rc1 b6 17. d4 Bb7 18. e4 Nb4 19. Qc3 Nc6 20. Nc4 Bf6 21. e5 cxd4 22. Qe1 Be7 23. Nxd4 Nxd4 24. Nd6 Qb8 25. Bxb7 Qxb7 26. Bxd4 Qd5 27. Rd1 Bxd6 28. exd6 Qf5 29. Rab1 b5 30. axb5 axb5 31. Rb4 Ra4 32. Rxa4 bxa4 33. Qb4 e5 34. Be3 Ra8 35. Ra1 Qe6 36. Qb7 Rb8 37. Qc6 e4 38. Rxa4 f5 39. Bd4 Rb1+ 40. Kg2 f4 41. h4 f3+ 42. Kh2 Rh1+ 0-1

[Event "HUN-chT2 Toth 0203"]
[Site "Hungary"]
[Date "2003.03.02"]
[Round "8"]
[White "Telbis, Gheorghe"]
[Black "Hogye, Imre"]
[Result "1/2-1/2"]
[WhiteElo "2260"]
[BlackElo "2144"]
[PlyCount "48"]
[EventDate "2002.09.22"]
[EventType "team"]
[EventRounds "11"]
[EventCountry "HUN"]
[SourceTitle "EXT 2009"]
[Source "ChessBase"]
[SourceDate "2008.11.26"]
[SourceVersion "1"]
[SourceVersionDate "2008.11.26"]
[SourceQuality "1"]

1. e4 c5 2. Nf3 Nc6 3. d4 cxd4 4. Nxd4 Nf6 5. Nc3 e5 6. Ndb5 d6 7. Bg5 a6 8. Na3 Be6 9. Nd5 Bxd5 10. Qxd5 Nxd5 11. Bxd8 Nc3 12. bxc3 Rxd8 13. Nc4 d5 14. exd5 Rxd5 15. a4 Bc5 16. Rb1 Rd7 17. Be2 f5 18. 0-0 0-0 19. Nb6 Rd2 20. Bd3 Bxb6 21. Rxb6 Na5 22. f3 g6 23. Re6 Nc6 24. Rb1 Rf7 1/2-1/2